00728nam a2200169 i 450000100060000000300090000600500170001500700030003200800410003510000440007624501080012026000500022830000500027850001310032865100340045985200650049319614ES-MaACL20230906152131.0t|021004s1883 ja ||||1| spa d1 aAbella y Casariego, Enrique,d1847-191310aMonografía geológica del volcán de Albay o El Mayón / cescrita por Enrique Abella y Casariego. aTokio : bGovernment Printing Office, c1883. a19 p., 2 h. pleg. de mapas : bil. ; c20 cm. aPrecede al tit.: Fron the Transactions of the Seismological Society of Japan, Vol. V. Tokio, Government Printing Office, 1883. 4aMayón (Filipinas, Volcán) aES-MaACLjT-425-F-12 z- Dedicatoria autógrafa del autor